Statystyki dla Państwa graniczące z Mozambikiem

Kliknij tutaj aby rozwiązać quiz!

Ogólne statystyki

  • Ten quiz został rozwiązany 12 razy
  • Średni wynik to 6 z 6

Statystyki odpowiedzi

Długość granicyPaństwo% Poprawnych
105 kmEswatini | Suazi
100%
756 kmTanzania
100%
419 kmZambia
100%
1231 kmZimbabwe
100%
491 kmRepublika Południowej Afryki
91%
1569 kmMalawi
82%

Rozkład punktacji

Percentyl według liczby udzielonych odpowiedzi

Procent ludzi z każdym wynikiem

Twoja historia wyników

Nie rozwiązałeś tego quizu